La metamorfosis /
Guardado en:
| Autor Principal: | |
|---|---|
| Formato: | Libro |
| Publicado: |
Buenos Aires :
Libertador,
2003
|
| Materias: | |
| Etiquetas: |
Agregar Etiqueta
Sin Etiquetas, Sea el primero en etiquetar este registro!
|
| LEADER | 00897nam a22001935a 4500 | ||
|---|---|---|---|
| 001 | CEM.cems013784 | ||
| 005 | 20121220162956.0 | ||
| 008 | 130507s2003##################000#0#####d | ||
| 003 | CEMS | ||
| 020 | |a 950898094X | ||
| 082 | 0 | 4 | |a 891.863 |
| 100 | 1 | |a Kafka, Franz | |
| 245 | 1 | 0 | |a La metamorfosis / |c Franz Kafka |
| 260 | |a Buenos Aires : |b Libertador, |c 2003 | ||
| 300 | |a 124 p. | ||
| 505 | 0 | |a Los relatos de Kafka se pueden entender desde el punto de vista biográfico como el conflicto entre Franz y Herman Kafka, desde el punto de vista psicológico como la visión edipal de un castigo, desde el punto de vista histórico como la lucha entre dos épocas, y ello sin que las interpretaciones se excluyan unas a otras, porque el modelo de rebelión y castigo es común a todas ellas | |
| 653 | |a Literatura húngara | ||
| 653 | |a Novela | ||
| 859 | |a CEMS |b BIB. CEMS - 11 de abril |h 891.863 |i K110-7 |p 26534.12 |t Ej.1 | ||
